[Event "Osasco Terzian Memorial"]
[Site "Osasco"]
[Date "2019.12.07"]
[Round "3"]
[White "Yachouh, Edouard"]
[Black "Tsuchie, Davi Pinheiro"]
[Result "0-1"]
[WhiteElo "1193"]
[BlackElo "1287"]
[PlyCount "42"]
[EventDate "2019.12.06"]
[EventType "swiss"]
[EventRounds "6"]
[EventCountry "BRA"]
[SourceTitle "CBM 193 Extra"]
[Source "ChessBase"]
[SourceDate "2020.01.31"]
[SourceVersion "1"]
[SourceVersionDate "2020.01.31"]
[SourceQuality "1"]

1. d4 d5 2. Nf3 Nf6 3. Bf4 c5 4. e3 e6 5. c3 Nc6 6. Bd3 Be7 7. Nbd2 0-0 8. Ne5 Bd7 9. h3 Nxe5 10. Bxe5 Qb6 11. Qc1 Bb5 12. Bb1 cxd4 13. exd4 Rac8 14. Qc2 g6 15. Nf3 Ne4 16. Qc1 f6 17. Bh2 Bb4 18. Qe3 Nxc3 19. bxc3 Bxc3+ 20. Nd2 Bxd4 21. Qh6 Rc1# 0-1

[Event "Sao Paulo op-C U1700 8th"]
[Site "Sao Paulo"]
[Date "2019.10.18"]
[Round "2"]
[White "Peres, Sergio Moreira"]
[Black "Yachouh, Edouard"]
[Result "1-0"]
[WhiteElo "1545"]
[BlackElo "1800"]
[PlyCount "69"]
[EventDate "2019.10.17"]
[EventType "swiss"]
[EventRounds "6"]
[EventCountry "BRA"]
[SourceTitle "CBM 192 Extra"]
[Source "Chessbase"]
[SourceDate "2019.11.06"]
[SourceVersion "1"]
[SourceVersionDate "2019.11.06"]
[SourceQuality "1"]

1. e4 e5 2. Nf3 Nc6 3. Bc4 Bc5 4. 0-0 Nf6 5. d3 d6 6. Nc3 0-0 7. h3 h6 8. Na4 Bb6 9. Nxb6 axb6 10. a3 Re8 11. Be3 Ne7 12. Qd2 Ng6 13. Bxh6 gxh6 14. Qxh6 Nh7 15. Qxg6+ Kh8 16. Qxf7 Rg8 17. Qxg8+ Qxg8 18. Bxg8 Kxg8 19. Nh2 Be6 20. f4 Kh8 21. f5 Bd7 22. Nf3 Rg8 23. Kf2 c6 24. g4 d5 25. Rg1 Ng5 26. Nxg5 Rxg5 27. h4 Rg7 28. g5 dxe4 29. dxe4 c5 30. Rad1 Bc6 31. Ke3 c4 32. h5 Ba4 33. h6 Rc7 34. g6 Bxc2 35. Rd8# 1-0